000 01011nam1a2200301 i 4500
001 RU\NLR\bibl\280988
005 20240921004433.0
035 _a(NLR Aleph) 000276469
090 _a1617340
_c1617340
100 _a20020626g20019999u y0rusy50 ca
101 0 _arus
102 _aRU
105 _aa |||||||||
200 1 _aМатематика
_e5 кл.
_fЛебединцева Е.А., Беленкова Е.Ю.
210 _aМ.
_cИнтеллект-Центр
_d2001
215 _d21
300 _aНа обл. авт. не указаны
463 0 _1001273010
606 0 _aМатематика
_jЗадачники
_9922118
_3RU\NLR\auth\6619329
686 _aВ10я721-4
700 1 _aЛебединцева
_bЕ. А.
_gЕлена Алексеевна
_4070
701 1 _aБеленкова
_bЕ. Ю.
_gЕлена Юрьевна
_4070
801 0 _aRU
_bNLR
_c20020626
_gPSBO
801 1 _aRU
_bNLR
_c20020626
830 _aавт. по кн.
852 _aNLR
_j2002-3/14065
942 _cBOOK